| 000 | 00309nam a2200097Ia 4500 | ||
|---|---|---|---|
| 008 | 220204s9999 xx 000 0 und d | ||
| 082 |
_aNR:33 _bCCI |
||
| 245 | 0 | _aLe bois D'Hevea : Une etude du potential de development mondial | |
| 260 |
_aGeneva _bCentre du commerce international cnuced/GATT _c1993 |
||
| 942 | _cBK | ||
| 999 |
_c43753 _d43753 |
||